Music Quiz

Random Music or Bands Quiz

Which of the Two... Singers and Bands Quiz Stats

 Plays Quiz Updated Jul 1, 2016

Score 0/24 Timer 06:00
1 Play Today
Which singer/band... A or B % Correct
...had songs made into the the musical 'Mamma Mia!'?
(A) ABBA or (B) Green Day
???
93.1%
...featured both Ozzy Osbourne and Ronnie James Dio as lead vocalist?
(A) Guns N' Roses or (B) Black Sabbath
???
90%
...never won a Grammy, in spite of being a reggae icon?
(A) Bobby McFerrin or (B) Bob Marley
???
89.5%
...was nicknamed the 'Queen of Soul'?
(A) Diana Ross or (B) Aretha Franklin
???
87.7%
...was born Stefani Joanne Angelina Germanotta?
(A) Lady Gaga or (B) Madonna
???
85.9%
...sang the one-hit wonder '99 Luftballons'?
(A) Nena or (B) Devo
???
83.7%
...was born Robert Zimmerman?
(A) Bruce Springsteen or (B) Bob Dylan
???
83.5%
...starred in a 1975 film adapted from their album, 'Tommy'?
(A) The Who or (B) The Doors
???
83%
...has won an Academy Award for Best Original Song?
(A) Eminem or (B) Jay-Z
???
80.8%
...performed the duet 'It's Your Love' with Faith Hill?
(A) Blake Shelton or (B) Tim McGraw
???
79.3%
...has released albums entitled '19', '21' and '25'?
(A) Taylor Swift or (B) Adele
???
78.6%
...released an album entitled 'Gangsta's Paradise'?
(A) Coolio or (B) Snoop Dogg
???
78%
Which singer/band... A or B % Correct
...recorded an album with a friend of Andy Warhol on vocals?
(A) The Velvet Underground or (B) New York Dolls
???
74.9%
...composed the electronic soundtrack for the 2010 film, 'Tron: Legacy'?
(A) Kraftwerk or (B) Daft Punk
???
74.3%
...was composed of daughters of The Beach Boys and The Mamas & the Papas members?
(A) Bananarama or (B) Wilson Philips
???
73.3%
...is well-known for using her whistle register?
(A) Celine Dion or (B) Mariah Carey
???
70.7%
...performed 'Strange Fruit' in New York's first racially-integrated club in 1939?
(A) Billie Holiday or (B) Ella Fitzgerald
???
67.9%
...developed their name after watching badly-dubbed Kung Fu films?
(A) Wu-Tang Clan or (B) Foo Fighters
???
65.6%
...has more albums on the 'Billboard Top 200 Albums All-time' list?
(A) Elvis Presley or (B) Michael Jackson
???
62.4%
...has released more albums?
(A) 'N Sync or (B) Backstreet Boys
???
60%
...performed at the Super Bowl XLI halftime show?
(A) Red Hot Chili Peppers or (B) Prince
???
57.4%
...originated in Aberdeen, WA?
(A) Nirvana or (B) Pearl Jam
???
56.1%
...originally formed as a rap group at Columbia University?
(A) Vampire Weekend or (B) Weezer
???
40.6%
...holds the Guinness World Record for 'Best-selling Digital Artist'?
(A) Beyoncé or (B) Rihanna
???
37.4%

You're not logged in!

Compare scores with friends on all Sporcle quizzes.
OR
Log In

You Might Also Like...

Show Comments

Extras

Top Quizzes Today


Score Distribution

Your Account Isn't Verified!

In order to create a playlist on Sporcle, you need to verify the email address you used during registration. Go to your Sporcle Settings to finish the process.

Report this User

Report this user for behavior that violates our Community Guidelines.

Details: